1305 1929 1314 1659 1474 1259 1834 1080 1602 1604 1185 1707 1210 1583 1229 1032 1604 1802 1620 1009 1399 1328 1368 1504 1858 1057 1724 1376 1395 1116 1063 1159 1110 1585 1421 1825 1863 1054 1561 1201 1666 1461 1022 1323 1796 1042 1588 1526 1162 1429 1705 1405 1406 1799 1017 1386 1259 1072 1684 1700 1835 1338 1944 1120 1974 1691 1804 1245 1556 1177 1044 1257 1410 1584 1725 1573 1025 1982 1775 1076 1653 1426 1864 1666 1715 1993 1407 1061 1580 1911 1930 1865 1394 1926 1949 1917 1769 1057 1013 BCNSPRNW ULIB Ver.6.0+V

เปลี่ยนเป็นภาษาไทย

Change to English
 แสดงรายละเอียดบรรณานุกรม
  กลับหน้าหลัก

Brief Record : Get Marc (ISO 2709) : E-mail record : QR code < ปิดหน้าต่าง
LEADER : 00000nam 2200000uu 4500
001    13399113291
003     ULIB
008    111005s2548||||th 000 0 tha d
020    9749386701
020    9789749386705
050 04 TK5105.7^bณ399อ 2548
100 0  ณาตยา ฉาบนาค
245 10 อินเทอร์เน็ตเบื้องต้น /^cโดย ณาตยา ฉาบนาค
250    พิมพ์ครั้งที่ 1
260    กรุงเทพฯ :^bเอส.พี.ซี.บุ๊คส์,^c2548
300    217 หน้า :^bภาพประกอบ ;^c24 ซม. +^eซีดี-รอม 1 แผ่น (4 3/4 นิ้ว)
505 2  ความรู้เบื้องต้นเกี่ยวกับอินเทอร์เน็ต -- การเชื่อมต่ออินเทอร์เน็ต --เว็บเบราเซอร์กับเวิลด์ไวด์เว็บ -- การใช้งาน Internet Explorer -- การใช้งาน MSN Explorer -- การค้นหาข้มูลบนอินเทอร์เน็ต -- การใช้งานอีเมล -- การสนทนาบนอินเทอร์เน็ต -- ดูหนังฟังเพลงผ่านอินเทอร์เน็ต -- บริการต่างๆ บนอินเทอร์เน็ต
650  7 อินเตอร์เน็ต
945    ^p195^l0^i024122
995    ทศพร
999 ^a ทศพร
รายการนี้ยังไม่มีแท็ก
คุณยังไม่ได้ล็อกอิน คุณสามารถมีกิจกรรมร่วมกับเว็บไซต์ได้ แต่ต้องล็อกอินก่อน ::
  ล็อกอิน

รายการสื่อสารสนเทศ

ลำดับที่ ประเภท เลขเรียก/บาร์โค้ด สถานที่ สถานะ
- ไม่พบข้อมูล -

รายการใกล้เคียง
    ผู้แต่ง [ณาตยา ฉาบนาค]

    หัวเรื่อง [อินเตอร์เน็ต]

BibComment


ยังไม่เคยถูกคอมเมนท์

คอมเมนท์ทรัพยากรรายการนี้
  คอมเมนท์: อินเทอร์เน็ตเบื้อ..


 Copyright 2026. Bcnsprnw @Library